000
00232nam a22001097a 4500
020
_a
0-7214-1656-x
082
_a
823
_b
NEB/R
245
_a
THE RAILWAY CHILDREN
260
_a
USA
_b
LADYBIRD
650
_a
ENGLISH STORY
_z
USA
942
_c
BK
999
_c
1956
_d
1956